000 00569nam a22002297a 4500
003 UA-OsUOA
001 48030
007 ta
008 20070827b un ||||| |||| 00| 0 ukr d
100 _aПанцхава И.Д.
090 _a122/129
_bП16
942 _cBK
040 _aUA-OsUOA
_brus
_cUA-OsUOA
_dUA-OsUOA
245 _aЧеловек, его жизнь и бессмертие
300 _a189 с.
955 _a3
041 _arus
080 _a122/129
260 _aМ.
_c1967
650 7 _a1 Філософські науки
_2UDC
999 _c334097
_d334097